000 00810nam a22002897a 4500
001 0074
003 DO-SdBNP
005 20180220105434.0
007 0074
008 151012b 2007 ag | 00| 0 spa d
020 _a9789870401124
040 _aBPMSU
_bspa
_cBPMSU
082 4 _aA863.44
_bS338c 2007
100 1 0 _aSchlaen, Carlos
_d1946-
245 1 3 _aEl caso del cantante de rock /
_cCarlos Schlaen
250 _
260 _aBuenos Aires, Argentina :
_bEditorial Alfaguara,
_c2007.
300 _a61 p. :
_bil.,
_c20 cm.
490 1 0 _aAlfaguara juvenil
650 _aCUENTOS JUVENILES ARGENTINOS
650 _aLITERATURA JUVENIL ARGENTINA
830 0 0 _aAlfaguara juvenil
910 _aValidado. Control de calidad MFF
942 _2ddc
_cBK
945 _aInventariado 2017
956 _aBrenda Tavárez
_b10
999 _c8365
_d8365